War, Image and Legitmacy : (Record no. 13642)
[ view plain ]
| 000 -LEADER | |
|---|---|
| fixed length control field | 01248cam a22003018a 4500 |
| 001 - CONTROL NUMBER | |
| control field | 14682157 |
| 005 - DATE AND TIME OF LATEST TRANSACTION | |
| control field | 20100212141734.0 |
| 008 - FIXED-LENGTH DATA ELEMENTS--GENERAL INFORMATION | |
| fixed length control field | 061228s2007 enk |rb 001 0 eng |
| 010 ## - LIBRARY OF CONGRESS CONTROL NUMBER | |
| LC control number | 2006101510 |
| 020 ## - INTERNATIONAL STANDARD BOOK NUMBER | |
| International Standard Book Number | 9780415401012 (alk. paper) |
| 020 ## - INTERNATIONAL STANDARD BOOK NUMBER | |
| International Standard Book Number | 0415401011 (alk. paper) |
| 040 ## - CATALOGING SOURCE | |
| Original cataloging agency | DLC |
| Transcribing agency | DLC |
| Modifying agency | DLC |
| 050 00 - LIBRARY OF CONGRESS CALL NUMBER | |
| Classification number | P96.W35 |
| Item number | M53 2007 |
| 082 00 - DEWEY DECIMAL CLASSIFICATION NUMBER | |
| Classification number | 355.2 |
| Edition number | 22 |
| Item number | MIC |
| 100 1# - MAIN ENTRY--PERSONAL NAME | |
| Personal name | Michalski, Milena. |
| 9 (RLIN) | 12516 |
| 245 10 - TITLE STATEMENT | |
| Title | War, Image and Legitmacy : |
| Remainder of title | Viewing Contemporary Conflict / |
| Statement of responsibility, etc | by Milena Michalski and James Gow. |
| 260 ## - PUBLICATION, DISTRIBUTION, ETC. (IMPRINT) | |
| Place of publication, distribution, etc | Abingdon, Oxon ; |
| -- | N.Y. : |
| Name of publisher, distributor, etc | Routledge, 2007 |
| Date of publication, distribution, etc | 2007. |
| 263 ## - PROJECTED PUBLICATION DATE | |
| Projected publication date | 0705 |
| 300 ## - PHYSICAL DESCRIPTION | |
| Extent | 268 p.; |
| Dimensions | 23 cm. |
| 504 ## - BIBLIOGRAPHY, ETC. NOTE | |
| Bibliography, etc | Includes bibliographical references(p.250-258) and index. |
| 650 #0 - SUBJECT ADDED ENTRY--TOPICAL TERM | |
| Topical term or geographic name as entry element | Mass media and war. |
| 9 (RLIN) | 12517 |
| 700 1# - ADDED ENTRY--PERSONAL NAME | |
| Personal name | Gow, James. |
| 9 (RLIN) | 12518 |
| 856 41 - ELECTRONIC LOCATION AND ACCESS | |
| Materials specified | Table of contents only |
| Uniform Resource Identifier | <a href="http://www.loc.gov/catdir/toc/ecip077/2006101510.html">http://www.loc.gov/catdir/toc/ecip077/2006101510.html</a> |
| 856 42 - ELECTRONIC LOCATION AND ACCESS | |
| Materials specified | Publisher description |
| Uniform Resource Identifier | <a href="http://www.loc.gov/catdir/enhancements/fy0731/2006101510-d.html">http://www.loc.gov/catdir/enhancements/fy0731/2006101510-d.html</a> |
| 942 ## - ADDED ENTRY ELEMENTS (KOHA) | |
| Source of classification or shelving scheme | Dewey Decimal Classification |
| Item type | Book - Borrowing |
| Withdrawn status | Item status | Source of classification or shelving scheme | Damaged status | Not for loan | Vendor | Home library | Current library | Shelving location | Date acquired | Source of acquisition | Cost, normal purchase price | Serial Enumeration / chronology | Total Checkouts | Total Renewals | Full call number | Barcode | Checked out | Date last seen | Date last borrowed | Koha item type |
|---|---|---|---|---|---|---|---|---|---|---|---|---|---|---|---|---|---|---|---|---|
| Dewey Decimal Classification | Iqraa | Central Library | Central Library | First floor | 11/03/2010 | 788.00 | 1985 | 1 | 2 | 355.2 MIC | 000020176 | 23/10/2025 | 20/05/2025 | 20/05/2025 | Book - Borrowing |